Carbon reduction : (Record no. 599541)

000 -LEADER
fixed length control field 00357nam a2200121Ia 4500
008 - FIXED-LENGTH DATA ELEMENTS--GENERAL INFORMATION
fixed length control field 230907s9999||||xx |||||||||||||| ||und||
082 ## - DEWEY DECIMAL CLASSIFICATION NUMBER
Classification number 363.738746
Author Mark ROO
100 ## - MAIN ENTRY--PERSONAL NAME
Personal name Roosa, Stephen A.,
9 (RLIN) 115780
245 #0 - TITLE STATEMENT
Title Carbon reduction :
260 ## - PUBLICATION, DISTRIBUTION, ETC.
Place of publication, distribution, etc. Fairmont Press ; | CRC Press,
Name of publisher, distributor, etc. Lilburn, GA : | Boca Raton, FL :
Date of publication, distribution, etc. 2009
300 ## - PHYSICAL DESCRIPTION
Extent xxiii, 277 p. :
942 ## - ADDED ENTRY ELEMENTS (KOHA)
Koha item type Book
Holdings
Withdrawn status Lost status Damaged status Not for loan Permanent Location Current Location Date acquired Total Checkouts Full call number Barcode Date last seen Price effective from Koha item type
        US-Pakistan Center for Advanced Studies in Energy (USPCAS-E) US-Pakistan Center for Advanced Studies in Energy (USPCAS-E) 10/16/2019   363.738746 ROO CAS-E0003640 09/12/2023 09/12/2023 Book
© 2023 Central Library, National University of Sciences and Technology. All Rights Reserved.